Las libertades públicas en Costa Rica: límites y posibilidades; Memoria

Αποθηκεύτηκε σε:
Λεπτομέρειες βιβλιογραφικής εγγραφής
Συγγραφή απο Οργανισμό/Αρχή: Comisión costarricense de derechos humanos
Μορφή: Κείμενο
Έκδοση: San José: CCDH
Ετικέτες: Προσθήκη ετικέτας
Δεν υπάρχουν, Καταχωρήστε ετικέτα πρώτοι!

MARC

LEADER 00000 a a2200000 04500
001 24196
003
040
090 |a 171500  
110 |a Comisión costarricense de derechos humanos  
245 |a Las libertades públicas en Costa Rica: límites y posibilidades; Memoria  
260 |a San José:   |b CCDH  
300 |a 79 p.   |b il.  
999 |c 2351  |d 2351